Životná úroveň a osobná spotreba

Salvato in:
Dettagli Bibliografici
Autore principale: Kulčáková, Marta
Ente Autore: Vysoká škola ekonomická v Bratislave. Obchodná fakulta
Natura: Libro
Lingua:slovacco
Pubblicazione: Bratislava VŠE 1988
Edizione:1. vyd.
Tags: Aggiungi Tag
Nessun Tag, puoi essere il primo ad aggiungerne!!

MARC

LEADER 00000nam a2200000 4500
001 c036021
005 20221219092758.9
041 0 |a slo 
044 |a SK 
245 1 0 |a Životná úroveň a osobná spotreba  |c Marta Kulčáková 
250 |a 1. vyd. 
264 1 |a Bratislava  |b VŠE  |c 1988 
300 |a 124 s. 
100 1 |a Kulčáková, Marta 
710 2 |a Vysoká škola ekonomická v Bratislave. Obchodná fakulta